Un modelo para la predicción del éxito académico de estudiantes de primer año de la carrera de Ciencias de la Computación de la Universidad Agostinho Neto de la República de Angola.
Na minha lista:
| Autor principal: | |
|---|---|
| Outros Autores: | , |
| Formato: | livro electrónico |
| Idioma: | espanhol |
| Publicado em: |
La Habana :
Editorial Universitaria,
2017.
|
| Assuntos: | |
| Acesso em linha: | https://elibro.unach.elogim.com/es/lc/unach/titulos/90885 |
| Tags: |
Adicionar Tag
Sem tags, seja o primeiro a adicionar uma tag!
|
MARC
| LEADER | 00000nam a2200000 i 4500 | ||
|---|---|---|---|
| 001 | ELB90885 | ||
| 003 | FlNmELB | ||
| 006 | m o d | | ||
| 007 | cr cnu|||||||| | ||
| 008 | 171107s2017 cu ob 000 0 spa d | ||
| 020 | |a 9789591633613 (e-book) | ||
| 035 | |a (MiAaPQ)EBC4946046 | ||
| 035 | |a (Au-PeEL)EBL4946046 | ||
| 035 | |a (CaPaEBR)ebr11423387 | ||
| 035 | |a (OCoLC)1105508467 | ||
| 040 | |a FINmELB |b spa |e rda |c FINmELB | ||
| 050 | 4 | |a QA76.27 |b K566 2017 | |
| 080 | |a 004(07) | ||
| 082 | 0 | |a 004.071 |2 23 | |
| 100 | 1 | |a Kinsumba, Pedro António. | |
| 245 | 1 | 3 | |a Un modelo para la predicción del éxito académico de estudiantes de primer año de la carrera de Ciencias de la Computación de la Universidad Agostinho Neto de la República de Angola. |
| 264 | 1 | |a La Habana : |b Editorial Universitaria, |c 2017. | |
| 300 | |a 1 recurso en línea (iv, 125 páginas) | ||
| 336 | |a texto |b txt |2 rdacontent/spa | ||
| 337 | |a computadora |b c |2 rdamedia/spa | ||
| 338 | |a recurso en línea |b cr |2 rdacarrier/spa | ||
| 500 | |a Tesis (Doctor en Ciencias de la Educación)--Universidad Tecnológica de La Habana "José Antonio Echeverría", 2017. | ||
| 504 | |a Contiene referencias bibliográficas. | ||
| 588 | |a Descripción basada en recurso en línea; Título de la página del título en PDF (e-libro, visto November 7, 2017). | ||
| 590 | |a Recurso electrónico. Santa Fe, Arg.: e-libro, 2015. Disponible vía World Wide Web. El acceso puede estar limitado para las bibliotecas afiliadas a e-libro. | ||
| 650 | 0 | |a Computer science |x Study and teaching. | |
| 650 | 0 | |a College students |x Attitudes. | |
| 650 | 0 | |a Education, Higher |z Angola. | |
| 650 | 4 | |a Informática. | |
| 650 | 4 | |a Enseñanza. | |
| 651 | 4 | |a Angola. | |
| 655 | 4 | |a Libros electrónicos. | |
| 700 | 1 | |a Lau Fernández, Rogelio, |e tutor. | |
| 700 | 1 | |a Becerra Alonso, María Julia, |e tutor. | |
| 797 | 2 | |a e-libro, Corp. | |
| 856 | 4 | 0 | |u https://elibro.unach.elogim.com/es/lc/unach/titulos/90885 |